Formula 1 Grand Prix Cities - Statistics

General Stats
  • This quiz has been taken 775 times
    538 since last reset
  • The average score is 30 of 74
Answer Stats
Number of GP´s City Country % Correct
70 Monaco Monaco
95%
74 Monza Italy
93%
59 Silverstone United Kingdom
88%
40 Barcelona Spain
84%
57 Spa Belgium
84%
43 Montreal Canada
81%
41 Sao Paulo Brazil
77%
27 Melbourne Australia
76%
31 Imola Italy
74%
4 Las Vegas United States
73%
24 Mexico City Mexico
73%
34 Suzuka Japan
72%
3 Miami United States
70%
39 Budapest Hungary
69%
12 Austin United States
67%
16 Abu Dhabi United Arab Emirates
65%
8 Baku Azerbaijan
64%
37 Hockenheim Germany
63%
34 Zandvoort Netherlands
62%
41 Nürburg Germany
61%
15 Singapore Singapore
61%
17 Shanghai China
60%
8 Sochi Russia
55%
20 Buenos Aires Argentina
54%
9 Istanbul Turkey
54%
9 Madrid/San Sebastian de los Reyes Spain
53%
19 Indianapolis United States
47%
4 Jeddah Saudi Arabia
47%
10 Rio de Janeiro Brazil
45%
39 Spielberg Austria
45%
11 Adelaide Australia
42%
21 Sakhir Bahrain
42%
5 Valencia Spain
39%
2 Portimao Portugal
37%
19 Sepang Malaysia
37%
4 Oyama/Fuji Japan
34%
1 Berlin Germany
33%
20 Kyalami South Africa
33%
1 Dallas United States
32%
7 Detroit United States
32%
1 Lisbon Portugal
32%
3 Greater Noida/New Delhi India
31%
5 Bern Switzerland
30%
13 Estoril Portugal
30%
14 Brands Hatch United Kingdom
27%
3 Losail Qatar
27%
18 Nevers/Magny Cours France
27%
7 Jerez de la Frontera Spain
25%
1 Le Mans France
24%
2 Porto Portugal
24%
8 Long Beach United States
23%
10 Heusden-Zolder Belgium
22%
3 Phoenix United States
22%
20 Watkins Glen United States
22%
18 Le Castellet France
21%
1 Casablanca Morocco
20%
1 Scarperia e San Piero/Mugello Italy
20%
1 Castle Donington United Kingdom
16%
5 Liverpool/Aintree United Kingdom
16%
6 Dijon France
15%
11 Reims France
15%
1 Zeltweg Austria
14%
1 Sebring United States
13%
1 Pescara Italy
12%
4 Yeongam South Korea
11%
2 Aida Japan
10%
1 Riverside United States
9%
6 Anderstorp Sweden
8%
5 Rouen France
8%
3 East London South Africa
7%
2 Nivelles Belgium
7%
4 Clermont-Ferrand France
2%
8 Bowmanville Canada
1%
2 Saint-Jovite Canada
0%
No matching quizzes found
Score Distribution
Percent of People with Each Score
Percentile by Number Answered
Your Score History
You have not taken this quiz since the last reset